000 00252nam a2200109Ia 4500
008 220204s9999 xx 000 0 und d
082 _a82-3LAW
_bLAW
100 _aD H
245 0 _aSons and lovers etc
260 _aLondon
_bHeinemann
_c1976
942 _cBK
999 _c27293
_d27293